| 000 | 00423nam a22001217a 4500 | ||
|---|---|---|---|
| 082 | _a200 THE | ||
| 100 |
_aWahid Yaqoob Malik _970094 |
||
| 245 | _aTH-SOF-1245-DESIGN, SIMULATION, FABRICATION AND TESTING OF AN X-BAND SOLID STATE POWER AMPLIFIER -Wahid Yaqoob Thesis | ||
| 260 |
_aIslamabad _bNUST College of EME _c2016 |
||
| 650 | _aMS-ELECT-79 MSTHESIS | ||
| 700 |
_aSupervisor Dr Muhammad Naveed _970026 |
||
| 942 | _cCF | ||
| 999 |
_c577138 _d577138 |
||